[Event "TUR-chT 2nd League"]
[Site "Konya"]
[Date "2017.07.18"]
[Round "2.10"]
[White "Yalcinkaya, Eda"]
[Black "Karagullu, Aliye"]
[Result "1-0"]
[WhiteElo "1385"]
[BlackElo "1135"]
[PlyCount "92"]
[EventDate "2017.07.17"]
[EventType "team-swiss"]
[EventRounds "9"]
[EventCountry "TUR"]
[SourceTitle "CBM 179 Extra"]
[Source "ChessBase"]
[SourceDate "2017.08.23"]
[SourceVersion "1"]
[SourceVersionDate "2017.08.23"]
[SourceQuality "1"]
[WhiteTeam "Pamukkale Yonetimi"]
[BlackTeam "Antalya Deniz Genclik"]
[WhiteTeamCountry "TUR"]
[BlackTeamCountry "TUR"]

1. e4 e5 2. Nf3 Nc6 3. Bc4 Bc5 4. c3 d6 5. d4 Bb6 6. dxe5 dxe5 7. Qxd8+ Nxd8 8. Nxe5 f6 9. Nf3 Ne7 10. 0-0 Bd7 11. Nbd2 Ndc6 12. Nb3 0-0-0 13. h3 Rhf8 14. a4 a6 15. a5 Ba7 16. Be3 Bxe3 17. fxe3 f5 18. e5 f4 19. exf4 Rxf4 20. Be2 Re4 21. Bd3 Re3 22. Rad1 Be6 23. Nbd4 Nxd4 24. Nxd4 Bd7 25. Rf7 Rxe5 26. Rxg7 Rf8 27. Rf1 Re8 28. Rff7 Re1+ 29. Kh2 b6 30. axb6 cxb6 31. Bxa6+ Kc7 32. Nb5+ Bxb5 33. Bxb5 Kd8 34. Bxe8 Kxe8 35. Rf6 Nd5 36. Rc6 Kd8 37. Rd6+ Kc8 38. Rxd5 Re8 39. Rxh7 Rf8 40. Rdd7 Rg8 41. Ra7 Kb8 42. Rhb7+ Kc8 43. b4 b5 44. Rxb5 Rf8 45. Ra8+ Kd7 46. Rxf8 Ke7 1-0